000 00469nam a2200181Ia 4500
005 20250326141913.0
008 250326s9999 xx 000 0 und d
037 _aTextbook
040 _aFMSL
_beng
_cFMSL
041 _aeng
_2eng
084 _qFMSL
100 _aAhmad Khlig
_9745257
245 0 _aBusiness Practices in India
_cAhmad Khlig
260 _aBombay
_bBombay, Popular Prakashan
_c1989
300 _a291p
942 _cTB
999 _c1292538
_d1292538